000 00893cam a22002771 4500
001 3121318
003 GBCCL
005 20241126110337.0
008 700928s1968 miu 000 0 eng
010 _a 68019206
040 _aDLC
_cDLC
_dDLC
043 _an-us---
050 0 0 _aLB1695
_b.C3
082 0 0 _a248.83
_bCAL
100 1 _aCaldwell, Louis O.
_9519
245 1 0 _aAfter the tassel is moved;
_bguidelines for high school graduates
_c[by] Louis O. Caldwell.
260 _aGrand Rapids,
_bBaker Book House
_c1969
300 _a80 p.
_c20 cm.
650 0 _aHigh school graduates
_zUnited States.
_9520
650 0 _aCollege choice
_zUnited States.
_9521
650 0 _aChristian life
_zUnited States.
_9522
650 0 _aHigh school graduates
_xEmployment
_zUnited States.
_9523
650 0 _aConduct of life.
_9524
906 _a7
_bcbu
_corignew
_du
_encip
_f19
_gy-gencatlg
942 _2ddc
_cBK
999 _c389
_d389